000 01057nam a22003017a 4500
003 CHAP
005 20220329134016.0
008 971013s1974 r 00010 d
010 _a14022
011 _a14994
035 _a19068
040 _cCHAP
090 _aTesis
100 0 0 _aGonzález González, Manuel.
_948970
245 _aPatrones de compra y consumo de carne de pollo en el área metropolitana de Monterrey en cuatro estratos socio-económicos
260 _a(Monterrey, N.L.) :
_bEl autor,
_c1974
300 _a60 h.
_b: apénd
502 _aTesis (Ing. Agrónomo Administrador) -- ITESM. Div. de Ciencias Agropecuarias y Marítimas
590 _aALEPH
_b10
_c20130110
_lUCH01
_h1234
590 _aBATCH-UPD
_b10
_c20130110
_lUCH01
_h2205
590 _aBATCH-UPD
_b10
_c20130410
_lUCH01
_h1510
590 _aBATCH-UPD
_b10
_c20130914
_lUCH01
_h0849
590 _aCONVERSION
_b10
_c20130109
_lUCH01
_h1309
650 1 4 _aCarne de pollo
_xConsumo
_xNuevo León.
_919161
901 _aBK
942 _cTESIS
949 _bBC
_cTES
_d-44262
_eTS1
_i19068
_si
999 _c14022
_d14022